Country to Capital - Statistics

General Stats
  • This quiz has been taken 295 times
    270 since last reset
  • The average score is 16 of 20
Answer Stats
Hint Answer % Correct
Ireland Dublin
94%
Canada Ottawa
93%
North Korea Pyongyang
91%
Vietnam Hanoi
89%
New Zealand Wellington
88%
Bulgaria Sofia
85%
Qatar Doha
84%
Latvia Riga
84%
Costa Rica San Jose
82%
Ecuador Quito
81%
Uruguay Montevideo
80%
Kazakhstan Astana
79%
The Bahamas Nassau
79%
Liechtenstein Vaduz
79%
Madagascar Antananarivo
75%
Republic of the Congo Brazzaville
73%
Mali Bamako
71%
Liberia Monrovia
69%
Palau Ngerulmud
69%
Seychelles Victoria
67%
No matching quizzes found
Score Distribution
Percent of People with Each Score
Percentile by Number Answered
Your Score History
You have not taken this quiz since the last reset